02440cam a2200397 a 450000100090000000300090000900500170001800800410003502000180007604000380009404100130013204300210014508200210016610000330018724000470022024500960026726400600036330000280042333600260045133700280047733800270050550400510053250508800058354600690146365000290153265000690156165000220163065300250165265500170167770000380169485600830173290600450181594200120186099900170187295201530188915272253EG-ScBUE20250224103220.0080422s2009 ua f b 001 0 eng d a9789774162749 aDLCbengerdacDLCdDLCdEG-ScBUE1 aenghfre af------aa------04a320.557222bBUR1 aBurgat, François,eauthor.10aIslamisme à l'heure d'Al-Qaida.lEnglish10aIslamism in the shadow of al-Qaeda /cFrançois Burgat ; translated by Patrick Hutchinson. 1aCairo :bThe American University in Cairo Press,c2009. axiv, 182 pages ;c24 cm 2rdacontentatextbtxt 2rdamediaaunmediatedbn 2rdacarrieravolumebnc aIncludes bibliographical references and index.0 aTranslator's note and acknowledgments -- Introduction -- The identity matrix of "Muslim-speak" -- From national struggle to the disillusionments of "recolonization" : the triple temporality of Islamism -- The Islamist field between national specificity and transnationalization -- Red Sea secrets or Islamism without colonization -- The brothers and the salafis : between modernization and literalism, with or without radicalization -- Islamic radicalization : between religious sectarianism and political counterviolence -- From Sayyid Qutb to Mohammed Atta : sectarianism or political counterviolence? -- From fears inherited to fears exploited : the war of representations -- Hard power and imposed reform : the illusions of the western response to Islamism -- Conclusion : against terrorism -- The absolute weapon? -- Appendix : the Islamists as seen by the West in 1992. aText in English ; translated from the original French language.  7aArab nationalism.2BUEsh 7aGroup identityzIslamic countriesxHistoryy20th century.2BUEsh 7aTerrorism.2BUEsh cFebruary2025bBUSBOL vReading book1 aHutchinson, Patrick,etranslator.413Table of contents onlyuhttp://www.loc.gov/catdir/toc/ecip0816/2008018323.html a7bcbccorignewd1eecipf20gy-gencatlg 2ddccBB c30922d30893 00102ddc40708AlahramaMAINbMAINc1STd2025-02-24ePurchaseg120.00h148l0o320.557 BURp000057285r2025-07-15 00:00:00v150.00w2025-02-24yBB